| 000 | 00379nam a22001457a 4500 | ||
|---|---|---|---|
| 020 | _a9788120241135 | ||
| 040 | _cNust | ||
| 082 |
_a621.4021 _bVEN |
||
| 100 |
_aVenkanna,.K. B _9124197 |
||
| 110 |
_a.B.V, Swati _9124198 |
||
| 245 | _aApplied Thermodynamics | ||
| 260 |
_aNew Delhi: _bPHI Learning Pvt Ltd, _c2011. |
||
| 650 |
_aApplied Thermodynamics _958412 |
||
| 942 |
_2ddc _cBK |
||
| 999 |
_c610132 _d610132 |
||